Les avions de la BD Buck Danny Albums 51 à 58 - Statistiques

Statistiques générales
  • Ce quiz a été pris 12 fois
  • Le résultat moyen est 10 sur 28
Statistiques - réponses
Par images Hint Réponse % Correct
Avion multirôle Boeing F/A-18E {Super} Hornet
100%
Avion d'attaque Dassault Super-{Étendard}
100%
Avion de transport militaire Lockheed LC-130J {Super} Hercules
100%
Sauvetage en mer ShinMaywa US-{2}
89%
Drone de combat General Atomics MQ-9 {Reaper}
78%
Avion multirôle Lockheed Martin F-35B {Lightning} II
67%
Chasseur Shenyang J-{15}
67%
Hélicoptère de transport Sud-Aviation SA.330 {Puma}
67%
Avion d'attaque au sol McDonnell Douglas AV-8B {Harrier} II
56%
Avion de ligne Boeing {737}
44%
Hélicoptère multirôle NHIndustries NH{90}
44%
Transport militaire Antonov An-{12}
33%
Avion de transport Boeing-Bell V-22 {Osprey}
33%
Avion de transport Lockheed L-100 {Hercules}
33%
Avion de transport polaire Lockheed LC-130 {Hercules}
33%
Chasseur Mitsubishi F-15J {Eagle}
33%
Hélicoptère lourd polyvalent Changhe Z-{8}
22%
Hélicoptère de transport Aérospatiale AS.565 {Panther}
11%
Avion de recherche et sauvetage de Havilland Canada DHC-5 {Buffalo}
11%
Avion d'attaque au sol FMA IA-58 {Pucará}
11%
bombardier tactique Sukhoi Su-34 {Fullback}
11%
transport multirôle Antonov An-26 {Curl}
0%
Transport léger Eurocopter EC{155}
0%
Avion d'affaires Gulfstream G650 {ER}
0%
Hélicoptère léger d'entraînement Hughes TH-55 {Osage}
0%
Hélicoptère de lutte anti-sous-marine Kamov Ka-27 {Hélix}
0%
Avion expérimental furtif Mitsubishi ATD-X {Shinshin}
0%
Avion multirôle Mitsubishi F-2 {Vipère zéro}
0%
Aucun quiz correspondant
Distribution des résultats
% des personnes avec chaque résultat
Percentile par nombre de réponses
Votre historique - résultats
Vous n’avez pas pris ce quiz